000 07972cam a22018494i 4500
003 PE-LiUPU
005 20250813165928.0
008 150706s2011 sp a rb 000 0 spa d
020 _a8498353580
020 _a9788498353587
035 _a(Sirsi) i9788498353587
040 _aPE-LiUPU
_bspa
_cPE-LiUPU
_dPE-LiUPU
_erda
049 _aPRUA
082 0 4 _a614.4
_bM2
_221
245 0 0 _aManual de epidemiología y salud pública :
_bpara grados en ciencias de la salud /
_cdirección Idelfonso Hernández-Aguado ; coordinación de edición Blanca Lumbreras Lacarra.
250 _a2a edición.
264 1 _aMadrid :
_bMédica Panamericana,
_c2011.
300 _a370 páginas :
_bilustraciones a color ;
_c24 centímetros
336 _atext
_2rdacontent
337 _aunmediated
_2rdamedia
338 _avolume
_2rdacarrier
504 _aIncluye bibliografías e índice.
505 0 _aIntroducción a la salud pública y los servicios sanitarios -- La salud y la enfermedad -- Determinantes y consecuencias -- Concepto y funciones de la salud pública -- Búsqueda bibliográfica en ciencias de la salud -- Cuidado de la salud. Sistema social y sistema sanitario -- Sistema sanitario español. Características y organización -- Epidemiología, estadística y demografía sanitaria -- Introducción a los métodos estadísticos. Estadística descriptiva - Probabilidad -- Inferencia estadística. Correlación y regresión -- Inferencia estadística. Medias y proporciones -- Concepto y aplicaciones de la epidemiología -- Demografía y salud -- Medidas de frecuencia en epidemiología -- Medidas de asociación e impacto potencial -- Estudios descriptivos y transversales -- Estudios de cohortes -- Estudios de casos y controles -- Estudios de intervención -- Validez y precisión -- Error aleatorio -- Error sistemático -- Estudios sobre pruebas diagnósticas -- Cribado -- Revisión sistemática y meta-análisis -- Estrategias epidemiológicas específicas y prevención de problemas de salud -- Principales causas de muerte y de enfermedad -- Análisis de los cambios en la frecuencia de enfermedad -- Análisis por conglomerados -- Epidemiología y control de las enfermedades transmisibles -- Sistemas de vigilancia epidemiológica -- Epidemiología de las enfermedades vacunables. Calendario vacunal -- Infecciones de transmisión sexual -- Epidemiología de las enfermedades transmitidas por el aire -- Epidemiología social -- Determinantes sociales e intervenciones para disminuir las desigualdades en salud -- Epidemiología y prevención de las enfermedades cardiovasculares -- Epidemiología y prevención del cáncer -- Genética y salud pública -- Epidemiología y prevención del tabaquismo -- Epidemiología y prevención de lesiones por accidentes -- Nutrición y salud pública (I). Métodos de evaluación dietética, recomendaciones y guías dietéticas -- Nutrición y salud pública (II). Evidencias de relaciones dieta-enfermedad -- Control e higiene de los alimentos -- Farmacoepidemiología (I). Estudios de utilización de medicamentos -- Farmacoepidemiología (II). Estudios de farmacovigilancia -- Programas de atención farmacéutica y salud desde la oficina de farmacia -- Podología preventiva en el niño -- Prevención del pie diabético -- Podología preventiva en el anciano -- Epidemiología ambiental -- Contaminación atmosférica y salud -- Evaluación de riesgos ambientales -- Salud laboral: prevención de riesgos laborales -- Epidemiología y prevención de las enfermedades osteoarticulares: el papel de la fisioterapia -- Epidemiología y prevención de la enfermedad pulmonar obstructiva crónica. Abordaje desde la fisioterapia -- Gestión sanitaria y programas de salud -- Valoración del estado de salud -- Políticas de salud pública: establecimiento de metas y objetivos -- Equidad y salud en todas las políticas -- Influencia a favor de la salud pública -- Inmigración y salud -- Participación comunitaria -- La salud pública y la atención primaria de salud en el desarrollo de la salud comunitaria -- Planificación y programación en atención a la salud -- Economía de la salud -- Evaluación sanitaria -- Sistemas de información en gestión sanitaria -- Indicadores de actividad y funcionamiento de los hospitales -- Promoción de la salud -- Maternidad y salud perinatal -- Intervenciones en salud en poblaciones vulnerables -- Programa de salud en el adulto -- Programa de salud en las personas mayores -- Epidemiología de la salud bucodental en España -- Encuestas básicas en salud oral: medición de la caries dental.
526 _aP203
526 _aP200
526 _aSEG65
526 _aSEG64
526 _aSEG63
526 _aSEG62
526 _aSEG61
526 _aSEG60
526 _aSEG59
526 _aSEG58
526 _aSEG57
526 _aSEG56
526 _aSEG55
526 _aSEG54
526 _aSEG53
526 _aSEG52
526 _aSEG51
526 _aSEG50
526 _aSEG49
526 _aSEG48
526 _aSEG47
526 _aSEG46
526 _aSEG24
526 _aSEG23
526 _aSEG22
526 _aSEG21
526 _aSEG20
526 _aSEG19
526 _aSEG18
526 _aSEG17
526 _aSEG16
526 _aSEG14
526 _aSEG13
526 _aSEG12
526 _aSEG11
526 _aSEG10
526 _aSEG09
526 _aSEG06
526 _aSEG05
526 _aSEG04
526 _aSEG03
526 _aSEG02
526 _aSEG68
526 _aSEG66
526 _aSEG45
526 _aSEG25
526 _aSEG01
526 _aP163
526 _aP162
526 _aP161
526 _aP160
526 _aP159
526 _aP158
526 _aP157
526 _aP156
526 _aP155
526 _aP154
526 _aP153
526 _aP152
526 _aP151
526 _aP150
526 _aP149
526 _aP142
526 _aP141
526 _aP140
526 _aP139
526 _aP138
526 _aP137
526 _aP132
526 _aP131
526 _aP130
526 _aP126
526 _aP125
526 _aP124
526 _aP123
526 _aP115
526 _aP122
526 _aP121
526 _aP116
526 _a P114
526 _aP112
526 _aP111
526 _aP104
526 _aP103
526 _aP102
526 _aP101
526 _aP100
526 _aP96
526 _aP95
526 _aP93
526 _aP92
526 _aP91
526 _aP88
526 _aP83
526 _aP82
526 _aP79
526 _aP78
526 _aP75
526 _aP74
526 _aP71
526 _aP69
526 _a P51
526 _aP49
526 _aP48
526 _aP47
526 _aP33
526 _aP31
526 _a P30
526 _aP29
526 _aP27
526 _aP26
526 _aP25
526 _aP24
526 _a P22
526 _aP10
526 _aP09
526 _a P08
526 _aP06
526 _aP05
526 _aP04
526 _aP01
541 _g0001-000201;
650 0 4 _aEpidemiología
_vManuales.
650 0 4 _aSalud pública
_vManuales.
650 0 4 _aSalud Pública
_xPlanificación.
700 1 _aHernández-Aguado, Idelfonso,
_edirector.
700 1 _aLumbreras Lacarra, Blanca,
_ecoordinadora.
910 _agl
_clch
_d20130709
942 _2ddc
_cBOOK
949 _a614.4 M2
_wDEWEY
_c1
_i67836
_lCCODEBUL1
_mBUL
_p50.00
_r0
_sY
_tBOOK
_u2015-7-6
_xSALUD
_PP22
_o.STAFF. Colección General
994 _aC0
_bPEPRU
596 _a1
999 _a614.4 M2
_wDEWEY
_c55353
_i67836
_d55353
_e2019-4-21
_f2021-11-4
_g5
_lCCODEBUL1
_mBUL
_n11
_p50.00
_q5
_r0
_sY
_tBOOK
_u2015-7-6
_xSALUD
_zP22
_0COMPRA
_o.STAFF. Colección Ciencias de la Salud
980 _81
_gALBERTO SANCHEZ Responsable de Automatización